<?xml version="1.0" encoding="UTF-8"?>
<record
    xmlns:xsi="http://www.w3.org/2001/XMLSchema-instance"
    xsi:schemaLocation="http://www.loc.gov/MARC21/slim http://www.loc.gov/standards/marcxml/schema/MARC21slim.xsd"
    xmlns="http://www.loc.gov/MARC21/slim">

  <leader>01373nam a22002657a 4500</leader>
  <controlfield tag="005">20221208144354.0</controlfield>
  <controlfield tag="008">221208b           ||||| |||| 00| 0 eng d</controlfield>
  <datafield tag="040" ind1=" " ind2=" ">
    <subfield code="c">AL</subfield>
  </datafield>
  <datafield tag="041" ind1=" " ind2=" ">
    <subfield code="a">eng</subfield>
  </datafield>
  <datafield tag="082" ind1=" " ind2=" ">
    <subfield code="2">23</subfield>
    <subfield code="a">032.02</subfield>
    <subfield code="b">MANO</subfield>
  </datafield>
  <datafield tag="100" ind1=" " ind2=" ">
    <subfield code="a">Malayala Manorama</subfield>
    <subfield code="9">65133</subfield>
  </datafield>
  <datafield tag="100" ind1=" " ind2=" ">
    <subfield code="9">65132</subfield>
    <subfield code="d">Mathew Mennon Ed</subfield>
  </datafield>
  <datafield tag="245" ind1=" " ind2=" ">
    <subfield code="a">Manorama yearbook 2023</subfield>
  </datafield>
  <datafield tag="250" ind1=" " ind2=" ">
    <subfield code="a">58</subfield>
  </datafield>
  <datafield tag="260" ind1=" " ind2=" ">
    <subfield code="a">Kottayam</subfield>
    <subfield code="b">Malayala Manorama</subfield>
    <subfield code="c">2023</subfield>
  </datafield>
  <datafield tag="300" ind1=" " ind2=" ">
    <subfield code="a">1006p.</subfield>
    <subfield code="b">PB</subfield>
    <subfield code="c">20x13cm.</subfield>
  </datafield>
  <datafield tag="365" ind1=" " ind2=" ">
    <subfield code="2">General</subfield>
    <subfield code="a">6350</subfield>
    <subfield code="b">264.00</subfield>
    <subfield code="c">&#x20B9;</subfield>
    <subfield code="d">330.00</subfield>
    <subfield code="e">20%</subfield>
    <subfield code="f">6-12-2022</subfield>
  </datafield>
  <datafield tag="520" ind1=" " ind2=" ">
    <subfield code="a">Contents:
1.India and World
2.Government Initiatives
3. Calendar of Events
4. Current Affairs
5. Who is who
6. Quiztival 2023
7. Science and Medicine
8. Information Technology
9. Environment
10.Universe, earth and Space
11. India Insignia
12. Geography and People
13. History of India
14. Space Security, Energy
15. Polity and Governance
16.Education and Carrer
17 Economy
18.Transport and Communication
19. Art Culture and Heritage
20. India States
21. World Panorama
22. Equality, Ethics and Social Justice
23. Skill Development
24. International Relations
25. General Knowledge
26 Sports
</subfield>
  </datafield>
  <datafield tag="650" ind1=" " ind2=" ">
    <subfield code="a">India and World</subfield>
    <subfield code="9">65120</subfield>
  </datafield>
  <datafield tag="650" ind1=" " ind2=" ">
    <subfield code="a">Government Initiatives</subfield>
    <subfield code="9">65121</subfield>
  </datafield>
  <datafield tag="650" ind1=" " ind2=" ">
    <subfield code="a">Calendar of Events</subfield>
    <subfield code="9">65122</subfield>
  </datafield>
  <datafield tag="700" ind1=" " ind2=" ">
    <subfield code="a">MALAYALA MANORAMA</subfield>
    <subfield code="9">65123</subfield>
  </datafield>
  <datafield tag="700" ind1=" " ind2=" ">
    <subfield code="a">MATHEW (Mannen) Ed</subfield>
    <subfield code="9">65131</subfield>
  </datafield>
  <datafield tag="942" ind1=" " ind2=" ">
    <subfield code="2">ddc</subfield>
    <subfield code="c">BK</subfield>
  </datafield>
  <datafield tag="999" ind1=" " ind2=" ">
    <subfield code="c">225509</subfield>
    <subfield code="d">225509</subfield>
  </datafield>
  <datafield tag="952" ind1=" " ind2=" ">
    <subfield code="0">0</subfield>
    <subfield code="1">0</subfield>
    <subfield code="2">ddc</subfield>
    <subfield code="4">0</subfield>
    <subfield code="7">0</subfield>
    <subfield code="8">GEN</subfield>
    <subfield code="a">AL</subfield>
    <subfield code="b">AL</subfield>
    <subfield code="d">2022-12-08</subfield>
    <subfield code="e">Biblios Book Point Surathkal Mangalore 575014</subfield>
    <subfield code="g">264.00</subfield>
    <subfield code="l">1</subfield>
    <subfield code="o">032.02 MANO</subfield>
    <subfield code="p">076269</subfield>
    <subfield code="r">2025-08-04 10:36:33</subfield>
    <subfield code="s">2025-07-28</subfield>
    <subfield code="v">330.00</subfield>
    <subfield code="w">2022-12-08</subfield>
    <subfield code="y">BK</subfield>
  </datafield>
</record>
